South Eastern Kenya University

Library Online Public Access Catalogue


Complexes of the Rare Earths (Record no. 2387)

MARC details
000 -LEADER
fixed length control field 00222nam a22000977a 4500
050 ## - LIBRARY OF CONGRESS CALL NUMBER
Classification Number QD172
Item Number .R2 1966
245 ## - TITLE
Title Complexes of the Rare Earths
260 ## - PUBLICATION, DISTRIBUTION, ETC.(IMPRINT)
Place of publication, distribution, etc London
Name of publisher, distributor, etc Pergamon Press
Date of publication, distribution, etc 1966
300 ## - PHYSICAL DESCRIPTION
Extent viii,205p.
942 ## - ADDED ENTRY ELEMENTS(KOHA)
Koha item type General circulation
Holdings
Source of classification or shelving scheme Not for loan Location (home branch) Sublocation (holding branch) Date accessioned Cost, normal purchase price Full call number Barcode Cost, replacement price Koha item type Public note
Library of Congress Classification   Main Campus Library Main Campus Library 29/08/2014 505.47 QD172 .R2 1966 2019/022722 1105.47 General circulation kim
Kitui, Kenya.
+254736116989
library@seku.ac.ke